Southville International School and Colleges
Your cart is empty.
  • Cart
  • Lists
    Public lists Eva Luna New books Lux_list list_1
    Your lists Log in to create your own lists
  • Log in to your account
  • Your cookies
  • Search history
Southville International School and Colleges
  • Advanced search
  • Recent comments
  • Most popular
  • Libraries

Log in to your account

Log in with GOOGLE


If you do not have an external account, but do have a local account, you can still log in:

  1. Home
  2. MARC view: Financial reporting and analysis /
Normal view MARC view ISBD view

Financial reporting and analysis / (Record no. 297887)

[ view plain ]
MARC details
000 -LEADER
fixed length control field 00526nam a22001817a 4500
003 - CONTROL NUMBER IDENTIFIER
control field SISC
005 - DATE AND TIME OF LATEST TRANSACTION
control field 20160722155012.0
008 - FIXED-LENGTH DATA ELEMENTS--GENERAL INFORMATION
fixed length control field 160722b xxu||||| |||| 00| 0 eng d
020 ## - INTERNATIONAL STANDARD BOOK NUMBER
International Standard Book Number 978812533494
050 ## - LIBRARY OF CONGRESS CALL NUMBER
Classification number HF 5681.B2
Item number .D78 2010
100 ## - MAIN ENTRY--PERSONAL NAME
Personal name Dunn, John.
245 ## - TITLE STATEMENT
Title Financial reporting and analysis /
Statement of responsibility, etc John Dunn.
260 ## - PUBLICATION, DISTRIBUTION, ETC. (IMPRINT)
Place of publication, distribution, etc United Kingdom :
Name of publisher, distributor, etc John Wiley & Sons,
Date of publication, distribution, etc 2010.
300 ## - PHYSICAL DESCRIPTION
Extent xii, 380 pages :
Other physical details illustrations ;
Dimensions 24 cm.
500 ## - GENERAL NOTE
General note Includes index.
650 ## - SUBJECT ADDED ENTRY--TOPICAL TERM
Topical term or geographic name as entry element Financial statements.
942 ## - ADDED ENTRY ELEMENTS (KOHA)
Source of classification or shelving scheme Library of Congress Classification
Koha item type Books
Holdings
Withdrawn status Lost status Source of classification or shelving scheme Damaged status Home library Current library Shelving location Date acquired Source of acquisition Sub Shelving location Total Checkouts Total Renewals Full call number Barcode Date last seen Date checked out Price effective from Koha item type
    Library of Congress Classification   College Library College Library General Circulation Section 07/22/2016 Donation   2 1 HF 5681.B2 .D78 2010 C20631 05/26/2022 08/23/2021 07/22/2016 Books

Financial reporting and analysis /

APA

Dunn J., . (2010). Financial reporting and analysis. United Kingdom: John Wiley & Sons.

Chicago

Dunn John, . 2010. Financial reporting and analysis. United Kingdom: John Wiley & Sons.

Harvard

Dunn J., . (2010). Financial reporting and analysis. United Kingdom: John Wiley & Sons.

MLA

Dunn John, . Financial reporting and analysis. United Kingdom: John Wiley & Sons. 2010.

  • Place hold
  • Print
  • Cite
  • Add to your cart (remove)
  • Save record
    BIBTEX Dublin Core MARCXML MARC (non-Unicode/MARC-8) MARC (Unicode/UTF-8) MARC (Unicode/UTF-8, Standard) MODS (XML) RIS
  • More searches
    Search for this title in:
    Other Libraries (WorldCat) Other Databases (Google Scholar) Online Stores (Bookfinder.com) Open Library (openlibrary.org)

Exporting to Dublin Core...

SOUTHVILLE LIBRARY

Southville International School and Colleges Library

1281 Tropical Ave. Cor. Luxembourg St., BF Homes International, Las Pinas City

Tel. No. 8256374 / 252358 Loc. 117/146

Powered by Koha